| 000 | 00828cam a22002411 4500 | ||
|---|---|---|---|
| 001 | gs 52000136 | ||
| 003 | DLC | ||
| 005 | 20260227111358.0 | ||
| 008 | 850715s1952 xx b 000 0 eng c | ||
| 010 | _ags 52000136 | ||
| 035 | _a(OCoLC)12263319 | ||
| 040 |
_aU.S. Geol. Survey. Libr. _cNhD _dDLC |
||
| 050 | 0 | 0 |
_aQE75 _b.C5 no. 175 |
| 082 | _a553.49 | ||
| 100 | 1 |
_aPage, Lincoln R. _q(Lincoln Ridler), _d1910- |
|
| 245 | 1 | 4 |
_aThe carnotite prospects of the Craven Canyon area, Fall River County, South Dakota, _cby L.R. Page and J.A. Redden. |
| 260 |
_aWashington, _c1952. |
||
| 300 |
_aiii, 18 p. _bmap (1 fold.) _c27 cm. |
||
| 490 | 1 |
_aGeological Survey circular _v175 |
|
| 650 | 0 | _aCarnotite. | |
| 700 | 1 |
_aRedden, Jack A. _q(Jack Allison), _d1926- _ejoint author. |
|
| 810 | 2 |
_aGeological Survey (U.S.). _tCircular ; _v175. |
|
| 999 |
_c28639 _d28639 |
||